BANGDSEN (Record no. 16595)

MARC details
000 -LEADER
fixed length control field 00275nam a22001337a 4500
003 - CONTROL NUMBER IDENTIFIER
control field SGT
082 ## - DEWEY DECIMAL CLASSIFICATION NUMBER
Classification number 615.53
Item number W10S
100 ## - MAIN ENTRY--PERSONAL NAME
Personal name ROY SANJEEV KUMAR
245 ## - TITLE STATEMENT
Title BANGDSEN
260 ## - PUBLICATION, DISTRIBUTION, ETC. (IMPRINT)
Place of publication, distribution, etc VARANASI
Name of publisher, distributor, etc PRACHAY PUB
Year of Publication 2010
300 ## - PAGE DESCRIPTION
No. of Pages 880
650 ## - SUBJECT ADDED ENTRY--TOPICAL TERM
Topical term or geographic name as entry element AYURVEDA
942 ## - ADDED ENTRY ELEMENTS (KOHA)
Source of classification or shelving scheme Dewey Decimal Classification
Koha item type Books
942 ## - ADDED ENTRY ELEMENTS (KOHA)
-- 1
Holdings
Withdrawn status Lost status Source of classification or shelving scheme Damaged status Not for loan Collection code Home library Current library Shelving location Date acquired Vendor Name Cost, normal purchase price SGTU Bill Number Total Checkouts Full call number Accession No. (Barcode) Date last seen Bill Date Koha item type Use restrictions Date last borrowed
    Dewey Decimal Classification     AYURVEDA SGT FA-FP Library SGT FA-FP Library Text Book 22/01/2019 CHAUKHAMBA PUB 750.00 SGTU 1338   615.53 W10S FA8728 22/01/2019 16/01/2019 Books    
    Dewey Decimal Classification     AYURVEDA SGT FA-FP Library SGT FA-FP Library Reference Book 22/01/2019 CHAUKHAMBA PUB 750.00 SGTU 1338 1 615.53 W10S FA8729 23/11/2022 16/01/2019 Books Restricted Access 23/11/2022